000 01264cam a2200349 a 4500
001 5975
003 FISKH
005 20250225093805.0
008 060308s2007 nyu d 000 1 eng
010 _a 2006008108
020 _a9781416914280 (trade bdg.)
020 _a1416914285 (trade bdg.)
020 _a9781534431782 (trade pbk.)
020 _a9781406307627
_c$15.00
035 _a(OCoLC)ocm67840099
035 _a(OCoLC)67840099
040 _aDLC
_cDLC
_dBAKER
_dBTCTA
_dRLS
_dOCLCQ
_dDLC
_beng
050 _aPZ7.C5265
082 _a813.6
100 1 _aClare, Cassandra.
245 1 0 _aCity of bones :
_bShadow hunters /
_cCassandra Clare.
260 _aNew York :
_bWalker Books,
_c2007.
300 _a510 pages :
_bmap ;
_c20 cm
490 1 _aThe mortal instruments ;
_vBook one
520 _aSuddenly able to see demons and the Shadowhunters who are dedicated to returning them to their own dimension, fifteen-year-old Clary Fray is drawn into this bizarre world when her mother disappears and Clary herself is almost killed by a monster.
650 1 _aDemonology
_vFiction.
650 1 _aSupernatural
_vFiction.
650 1 _aHorror stories.
906 _a7
_bcbc
_corignew
_d1
_eecip
_f20
_gy-gencatlg
942 _2ddc
_cBK
_n0
999 _c5975
_d5975